000
00238nmm a2200085Ia 4500
008
220120s9999||||xx |||||||||||||||||und||
100
_a
Digit
245
0
_a
Google I/O event, andriod L rom, android DK, 11 cloud based
260
_a
Nine dot Nine
999
_c
139928
_d
139928